• 首页
  • 本馆介绍
  • 公告通知
  • 最新文献
  • 馆藏检索
  • 电子资源
  • 读者导购
  • 参考咨询
  • 我的图书馆
  • 登录
  • 详细信息显示
  • 放入我的书架
  • 预约/预借图书
  • 作者相关作品
  • 分类相关作品
  • 丛书相关作品
  • 出版社相关作品

书目信息

  • 表格格式
  • 工作单格式
  • 卡片格式
题名:
《帝国主义是资本主义的最高阶段》提要和注释
    
 
作者: ;中央党校编写小组 , 《<帝国主义是资本主义的最高阶段>浅说》编写组 编
分册:  
出版信息: 北京   人民出版社  1974
页数: 181页
开本: 19cm
丛书名:
单 册:
中图分类: A821.2
科图分类:
主题词: 帝国主义--研究 , 列宁著作研究-帝国主义是资本主义的最高阶段
电子资源:
ISBN:
000 01047nam0 2200277 45
001 0176000294
005 20070720080919.59
010    @dCNY0.34
100    @a19950628d1974 em y0chiy0121 ea
101 0  @achi
102    @aCN@b110000
102    @aCN@b310000
102    @aCN@b110000
105    @ay z 000yy
200 12 @a《帝国主义是资本主义的最高阶段》提要和注释@Adi guo zhu yi shi zi ben zhu yi de zui gao jie duan jian jie he zhu shi@f中央党校编写小组编@Fzhong yang dang xiao bian xie xiao zu bian
210    @a北京@c人民出版社@d1974
215    @a181页@d19cm
605    @a帝国主义是资本主义的最高阶段@x列宁著作研究
606    @a帝国主义@x研究
606    @a列宁著作研究-帝国主义是资本主义的最高阶段
690    @aA821.2@v3
711  0 @a中央党校编写小组@Azhong yang dang xiao bian xie xiao zu@4编
711  0 @a《<帝国主义是资本主义的最高阶段>浅说》编写组@A《qian shuo》bian xie zu@4编
801  2 @aCN@bNLC@c20070720
801  0 @aCN@bTSSF@c20060808
905    @a10447@dA821.2@e31
    
    《帝国主义是资本主义的最高阶段》提要和注释/中央党校编写小组编.-北京:人民出版社,1974
    181页;19cm
    
    
    ISBN :CNY0.34
    
●
相关链接 在E读中查询图书 在五车中查询图书 在当当中查询图书 在豆瓣中查询图书


正题名:《帝国主义是资本主义的最高阶段》提要和注释     索取号:A821.2/31         预约/预借

序号 登录号 条形码 馆藏地/架位号 状态 备注
1 0447267   204472677   密集书库/ [索取号:A821.2/31] 在馆    
2 0769455   207694556   密集书库/ [索取号:A821.2/31] 在馆    
唐山师范学院图书馆 欢迎您!
大连网信软件有限公司© 版权所有